[Event "Venlo VSV 75 B4"]
[Site "Venlo"]
[Date "2000.08.25"]
[Round "1"]
[White "Vink, Ron"]
[Black "Jacobs, Bob"]
[Result "1/2-1/2"]
[WhiteElo "1636"]
[BlackElo "1570"]
[PlyCount "59"]
[EventDate "2000.08.25"]
[EventType "tourn"]
[EventRounds "3"]
[EventCountry "NED"]
[SourceTitle "EXT 2013"]
[Source "ChessBase"]
[SourceDate "2012.11.22"]
[SourceVersion "1"]
[SourceVersionDate "2012.11.22"]
[SourceQuality "1"]

1. e4 e5 2. Nf3 d6 3. Bc4 Be7 4. d4 exd4 5. Nxd4 Nf6 6. Nd2 0-0 7. 0-0 Nbd7 8. a3 Ne5 9. Ba2 c5 10. Nb5 Be6 11. Nc3 Bxa2 12. Rxa2 d5 13. exd5 Nxd5 14. Nde4 Nf6 15. Nxf6+ Bxf6 16. Ne4 Be7 17. Bf4 Nc6 18. c3 Qxd1 19. Rxd1 Rfd8 20. Raa1 f5 21. Ng3 g6 22. Bc7 Re8 23. Rd7 Rac8 24. Rad1 Nb8 25. Bxb8 Rxb8 26. Re1 Kf8 27. Red1 Red8 28. Ne2 Ke8 29. R7d5 Rxd5 30. Rxd5 1/2-1/2

[Event "LiSB-ch C"]
[Site "Heerlen"]
[Date "1999.11.21"]
[Round "4"]
[White "Lietz, Bertram"]
[Black "Vink, Ron"]
[Result "0-1"]
[WhiteElo "1647"]
[BlackElo "1651"]
[PlyCount "39"]
[EventDate "1999.11.20"]
[EventType "swiss"]
[EventRounds "7"]
[EventCountry "NED"]
[SourceTitle "EXT 2001"]
[Source "ChessBase"]
[SourceDate "2000.11.22"]
[SourceVersion "1"]
[SourceVersionDate "2000.11.22"]
[SourceQuality "1"]

1. d4 Nf6 2. Nf3 d5 3. c4 dxc4 4. Nc3 Bg4 5. Qa4+ c6 6. Qxc4 Bxf3 7. gxf3 g6 8. e4 Bg7 9. Be3 0-0 10. 0-0-0 b5 11. Qb3 a5 12. Qc2 Na6 13. a3 Qb8 14. Na2 b4 15. Rd3 Rc8 16. a4 Nd5 17. Kd2 Nxe3 18. fxe3 c5 19. dxc5 Rxc5 20. Qb3 0-1

[Event "LiSB-ch C"]
[Site "Heerlen"]
[Date "1999.11.20"]
[Round "2"]
[White "Vink, Ron"]
[Black "Hodenius, Frans"]
[Result "1/2-1/2"]
[WhiteElo "1651"]
[BlackElo "1439"]
[PlyCount "67"]
[EventDate "1999.11.20"]
[EventType "swiss"]
[EventRounds "7"]
[EventCountry "NED"]
[SourceTitle "EXT 2001"]
[Source "ChessBase"]
[SourceDate "2000.11.22"]
[SourceVersion "1"]
[SourceVersionDate "2000.11.22"]
[SourceQuality "1"]

1. e4 d6 2. Nf3 Nf6 3. Nc3 g6 4. d4 Bg7 5. Be2 c5 6. dxc5 Qa5 7. Bd2 Qxc5 8. 0-0 0-0 9. Be3 Qa5 10. Qc1 Ng4 11. Bd2 Nc6 12. Nd5 Qd8 13. h3 Nge5 14. Bh6 f5 15. Bxg7 Kxg7 16. exf5 Bxf5 17. Qd2 Nxf3+ 18. Bxf3 Ne5 19. Be2 Rc8 20. c3 Bxh3 21. gxh3 Nf3+ 22. Bxf3 Rxf3 23. Nf4 Qa5 24. Qd5 Qxd5 25. Nxd5 Rxh3 26. Nxe7 Rc5 27. f4 Rch5 28. Kf2 Rh2+ 29. Ke3 Rxb2 30. Rh1 Rxh1 31. Rxh1 Rxa2 32. Rg1 Kf6 33. Nd5+ Kf7 34. Rd1 1/2-1/2